Statistics for MLB: Willie Mays Award Winners

Click here to take the quiz!

General Stats

  • This quiz has been taken 25 times
  • The average score is 33 of 141

Answer Stats

RoundTeamPlayer% Correct
2019 ALCSAstrosJose Altuve
89%
2018 NLCSDodgersCody Bellinger
72%
2019 WSNationalsStephen Strasburg
72%
2000 WSYankeesDerek Jeter
61%
2017 WSAstrosGeorge Springer
61%
2003 NLCSMarlinsIvan Rodriguez
61%
2020 ALCSRaysRandy Arozarena
61%
2020 NLCS, WSDodgersCorey Seager
56%
2001 WSD-BacksRandy Johnson
56%
2001 WSD-BacksCurt Schilling
50%
1993 NLCSPhilliesCurt Schilling
50%
2004 ALCSRed SoxDavid Ortiz
50%
2013 WSRed SoxDavid Ortiz
50%
1999 NLCSBravesEddie Perez
50%
2014 NLCS, WSGiantsMadison Bumgarner
50%
2015 WSRoyalsSalvador Perez
50%
2004 NLCSCardinalsAlbert Pujols
44%
2011 NLCS, WSCardinalsDavid Freese
44%
2003 ALCS, 1999 WSYankeesMariano Rivera
44%
1980 WSPhilliesMike Schmidt
44%
1973 WSA'sReggie Jackson
44%
1977 WSYankeesReggie Jackson
44%
2016 WSCubsBen Zobrist
39%
2015 NLCSMetsDaniel Murphy
39%
1985 ALCSRoyalsGeorge Brett
39%
1991 WSTwinsJack Morris
39%
1976 WSRedsJohnny Bench
39%
2017 NLCSDodgersJustin Turner
39%
2017 ALCSAstrosJustin Verlander
39%
1991 ALCSTwinsKirby Puckett
39%
2004 WSRed SoxManny Ramirez
39%
1985 NLCSCardinalsOzzie Smith
39%
1965 WS, 1963 WSDodgersSandy Koufax
39%
2018 WSRed SoxSteve Pearce
39%
1996 ALCSYankeesBernie Williams
33%
1970 WSOriolesBrooks Robinson
33%
1966 WSOriolesFrank Robinson
33%
1992 NLCSBravesJohn Smoltz
33%
1997 NLCS, 1997 WSMarlinsLivan Hernandez
33%
1999 ALCSYankeesOrlando Hernandez
33%
1989 ALCSA'sRickey Henderson
33%
1995 WSBravesTom Glavine
33%
1984 WSTigersAlan Trammell
28%
1967 WS, 1964 WSCardinalsBob Gibson
28%
2012 ALCSTigersDelmon Young
28%
2019 NLCSNationalsHowie Kendrick
28%
2010 ALCSRangersJosh Hamilton
28%
1984 ALCSTigersKirk Gibson
28%
2007 NLCSRockiesMatt Holliday
28%
2012 WSGiantsPablo Sandoval
28%
1975 WSRedsPete Rose
28%
1992 ALCSBlue JaysRoberto Alomar
28%
1971 WSPiratesRoberto Clemente
28%
2002 WSAngelsTroy Glaus
28%
2001 ALCSYankeesAndy Pettitte
22%
1990 ALCS, 1989 WSA'sDave Stewart
22%
1993 ALCSBlue JaysDave Stewart
22%
1998 ALCSYankeesDavid Wells
22%
1987 ALCS, 1987 WSTwinsFrank Viola
22%
2009 WSYankeesHideki Matsui
22%
2018 ALCSRed SoxJackie Bradley Jr.
22%
1996 WSYankeesJohn Wetteland
22%
2014 ALCSRoyalsLorenzo Cain
22%
1986 NLCSAstrosMike Scott
22%
1995 ALCSIndiansOrel Hershiser
22%
1988 NLCS, 1988 WSDodgersOrel Hershiser
22%
2005 ALCSWhite SoxPaul Konerko
22%
1981 WSDodgersPedro Guerrero
22%
2009 NLCSPhilliesRyan Howard
22%
1961 WSYankeesWhitey Ford
22%
1989 NLCSGiantsWill Clark
22%
1979 NLCS, 1979 WSPiratesWillie Stargell
22%
2016 ALCSIndiansAndrew Miller
17%
1985 WSRoyalsBret Saberhagen
17%
1988 ALCSA'sDennis Eckersley
17%
2010 WSGiantsEdgar Renteria
17%
1980 ALCSRoyalsFrank White
17%
2016 NLCSCubsJavier Baez
17%
2016 NLCSCubsJon Lester
17%
1990 WSRedsJose Rijo
17%
2011 ALCSRangersNelson Cruz
17%
1993 WSBlue JaysPaul Molitor
17%
1986 WSMetsRay Knight
17%
1974 WSA'sRollie Fingers
17%
1981 WSDodgersRon Cey
17%
2005 NLCSAstrosRoy Oswalt
17%
1998 WSYankeesScott Brosius
17%
1984 NLCSPadresSteve Garvey
17%
1978 NLCSDodgersSteve Garvey
17%
2002 NLCSGiantsBenito Santiago
11%
1960 WSPiratesBobby Richardson
11%
2009 ALCSYankeesCC Sabathia
11%
2017 NLCSDodgersChris Taylor
11%
2008 NLCS, WSPhilliesCole Hamels
11%
2001 NLCSD-BacksCraig Counsell
11%
1982 NLCS, 1982 WSCardinalsDarrell Porter
11%
2006 WSCardinalsDavid Eckstein
11%
1977 NLCSDodgersDusty Baker
11%
1972 WSA'sGene Tenace
11%
2005 WSWhite SoxJermaine Dye
11%
2003 WSMarlinsJosh Beckett
11%
2007 ALCSRed SoxJosh Beckett
11%
1997 ALCSIndiansMarquis Grissom
11%
1968 WSTigersMickey Lolich
11%
2000 NLCSMetsMike Hampton
11%
2007 WSRed SoxMike Lowell
11%
1992 WSBlue JaysPat Borders
11%
1983 WSOriolesRick Dempsey
11%
1990 NLCSRedsRob Dibble
11%
1981 WSDodgersSteve Yeager
11%
2002 ALCSAngelsAdam Kennedy
6%
2015 ALCSRoyalsAlcides Escobar
6%
1978 WSYankeesBucky Dent
6%
2010 NLCSGiantsCody Ross
6%
2000 ALCSYankeesDavid Justice
6%
1956 WSYankeesDon Larsen
6%
1982 ALCSAngelsFred Lynn
6%
1983 NLCSPhilliesGary Matthews
6%
1981 ALCSYankeesGraig Nettles
6%
1996 NLCSBravesJavy Lopez
6%
1987 NLCSGiantsJeffrey Leonard
6%
1955 WSDodgersJohnny Podres
6%
2013 ALCSRed SoxKoji Uehara
6%
2012 NLCSGiantsMarco Scutaro
6%
1986 ALCSRed SoxMarty Barrett
6%
2008 ALCSRaysMatt Garza
6%
1995 NLCSBravesMike Devereaux
6%
1990 NLCSRedsRandy Myers
6%
1991 NLCSBravesSteve Avery
6%
1958 WSYankeesBob Turley
0%
1981 NLCSDodgersBurt Hooton
0%
1969 WSMetsDonn Clendenon
0%
2006 NLCSCardinalsJeff Suppan
0%
1959 WSDodgersLarry Sherry
0%
1957 WSBravesLew Burdette
0%
1980 NLCSPhilliesManny Trillo
0%
2013 NLCSCardinalsMichael Wacha
0%
1983 ALCSOriolesMike Boddicker
0%
2006 ALCSTigersPlacido Polanco
0%
1962 WSYankeesRalph Terry
0%
1998 NLCSPadresSterling Hitchcock
0%

Score Distribution

Percentile by Number Answered

Percent of People with Each Score

Your Score History

You have not taken this quiz